|
|
|
|
| LEADER |
00978nam a22002772a 4500 |
| 001 |
000944976 |
| 003 |
CZ BrMZK |
| 005 |
20091008063129.0 |
| 007 |
ta |
| 008 |
090609s1968 xr a er|||||||||||cze d |
| 015 |
|
|
|a cnb000447332
|
| 035 |
|
|
|a (OCoLC)23564515
|
| 040 |
|
|
|a ABA001
|b cze
|c PNA001
|d ABA001
|d BOA001
|
| 080 |
9 |
|
|a 885-14
|
| 100 |
1 |
|
|a Skála, Ivan,
|d 1922-1997
|7 jk01111412
|4 aut
|
| 245 |
1 |
0 |
|a Ranní vlak naděje :
|b básně /
|c Ivan Skála ; [ilustroval Ivan Urbánek]
|
| 250 |
|
|
|a Vyd. 2. v Čs. spis., (v Malé edici poezie 1.)
|
| 260 |
|
|
|a Praha :
|b Československý spisovatel,
|c 1968
|e (Vimperk :
|f Stráž)
|
| 300 |
|
|
|a 130 s. ;
|c 12°
|
| 490 |
1 |
|
|a Malá edice poezie
|
| 700 |
1 |
|
|a Urbánek, Ivan,
|d 1933-1994
|7 jo2003193208
|4 ill
|
| 830 |
|
0 |
|a Malá edice poezie (Československý spisovatel)
|0 s
|
| 910 |
|
|
|a BOA001
|b 1-0603.970
|
| 990 |
|
|
|a BK
|
| 991 |
|
|
|b 200906
|
| 996 |
6 |
|
|b 2619481198
|c 1-0603.970
|l MZK
|r Sklad / do 1 hodiny
|n 0
|w 000944976
|u 000010
|a 1
|e BOA001
|j MZK50
|s P
|